| 000 | 00297 a2200121 4500 | ||
|---|---|---|---|
| 001 | 76690 | ||
| 082 | _a891.4393 QAS | ||
| 090 |
_c39208 _d39208 |
||
| 100 | _aAtta ur Rehman Qasimi | ||
| 245 |
_aBarah Singay _cAtta ur Rehman Qasimi _hUrdu |
||
| 260 |
_aLahore _bNastalique _c2009 |
||
| 300 | _a352 | ||
| 942 |
_acaenust _k891.4393 QAS |
||
| 999 |
_c311763 _d311763 |
||